Co to za ptak? #6 - Statystyki

Ogólne statystyki
  • Ten quiz został rozwiązany 37 razy
  • Średni wynik to 9 z 24
Statystyki odpowiedzi
Obrazkowy Hint Odpowiedź % Poprawnych
x zwyczajna Dymówka
100%
x zwyczajna Głowienka
80%
x zwyczajna Krakwa
80%
x mniejszy Kulik
80%
Wąsatka
80%
Zniczek
80%
x mała Muchołówka
60%
Dzierzba x Srokosz
60%
x długouchy Syczek
60%
x długosterna Czepiga
40%
x białooki Szlarnik
40%
x pantanalska Czakalaka
20%
x popielaty Dziwogon
20%
x gambijski Gęsiec
20%
x białosterny Gołębik
20%
x epoletowy Łuskowiec
20%
x zwyczajny Nurnik
20%
Piecuszek
20%
x mały Rączak
20%
x skalny Żwirowiec
20%
x jasnogłowy Frankolin
0%
x ozdobna Kitta
0%
x zwyczajny Nagórnik
0%
x sierpodzioba Wanga
0%
Nie znaleziono quizów pasujących do podanych kryteriów
Rozkład punktacji
Procent ludzi z każdym wynikiem
Percentyl według liczby udzielonych odpowiedzi
Twoja historia wyników
Nie rozwiązałeś tego quizu